00482 2200193 4500001002100000005001500021008004100036020002200077035001900099041000700118082000800125090001400133100002000147245002600167250001500193260003300208300003600241650001100277INLIS00000000000211520241224112458241224||||||||| | ||| |||| || |  a978-979-756-319-6 0010-1224002115 aen0 a421 a421 SIA t0 aSanggam Siahaan00aThe English Paragraph aEd.pertama aYogyakartabGraha Ilmuc2008 axii + 134 hlm.;1 jilid.: 23 cm. 0aBahasa